Parts of a House (French) - Statistics

General Stats
  • This quiz has been taken 28 times
    14 since last reset
  • The average score is 20 of 56
Answer Stats
Hint Answer % Correct
Bed Lit
91%
Window Fenetre
82%
Table Table
82%
Desk Bureau
73%
Chairs Chaise
73%
Bedroom Chambre
73%
Stairs Escalier
73%
Door Porte
73%
Bathroom Salle de Bain
73%
T.V. Tele/Television
73%
Balcony Balcon
64%
Kitchen Cuisine
64%
Oven Four
64%
Wardrobe Armoire
55%
Bath Bain
55%
Lamp Lampe
55%
Mirror Miroir
55%
Living Room Salon
55%
Basement Cave
45%
Carpet Tapis
45%
Couch Canape
36%
Couch Canape
36%
Shower Douche
36%
Hall Entree/Couloir
36%
Curtains Rideau
36%
Bookshelf/Library Bibliotheque
27%
Freezer Congelateur
27%
Washing Machine Machine a laver
27%
Food Nourriture
27%
Pictures Photo/Photographie
27%
Fridge Refridgerateur
27%
Towel Serviette
27%
Toilet Toilettes
27%
Toothbrush Brosse a dents
18%
Toothpaste Dentifrice
18%
(Book)Shelf Etagere
18%
Kitchen Sink Evier
18%
Armchair Fauteuil
18%
Printer Imprimante
18%
Dishwasher Lave-vaisselle
18%
Furniture Meubles
18%
Pillow Oreiller
18%
Cupboard Placard
18%
Ceiling Plafond
18%
Alarm Clock Reveil
18%
Tumble Drier Seche-Linge
18%
Blinds Store
18%
Coffee Table Table Basse
18%
Remote Control Telecommande
18%
Poster Affiche
9%
Microwave Four a Micro-Ondes
9%
Sink Lavabos
9%
Carpet Moquette
9%
Stereo Chaine Stereo
0%
Boiler Chaudiere
0%
Oven Cuisiniere
0%
No matching quizzes found
Score Distribution
Percent of People with Each Score
Percentile by Number Answered
Your Score History
You have not taken this quiz since the last reset